Real Valladolid Best Scorer By Year - Statistics

General Stats
  • This quiz has been taken 32 times
    6 since last reset
  • The average score is 6 of 38
Answer Stats
Player % Correct
Javi Guerra
67%
Diego Costa
50%
Shon Weissman
50%
Alen Peternac
33%
Cyle Larin
33%
Enes Ünal
33%
Fabián Orellana
33%
Joseba Llorente
33%
Óscar
33%
Sergi Guardiola
33%
Víctor
33%
Eusebio Sacristán
17%
Fernando
17%
Gerardo Coque
17%
Gregorio Fonseca
17%
Henok Goitom
17%
Iván Kaviedes
17%
Jorge Da Silva
17%
Mamadou Sylla
17%
Manuel Badenes
17%
Alberto López Moreno
0%
David Aganzo
0%
Delio Morollón
0%
Eduardo Endériz
0%
Héctor Aramendi
0%
Janko Janković
0%
Jesús Domingo
0%
Joaquín Murillo
0%
Jorge Alonso
0%
José Antonio Zaldúa
0%
José María Rodilla
0%
Lolo
0%
Nílson
0%
Paco Fortes
0%
Peña
0%
Rusky
0%
Sergio Pachón
0%
Victor José
0%
No matching quizzes found
Score Distribution
Percent of People with Each Score
Percentile by Number Answered
Your Score History
You have not taken this quiz since the last reset